[Event "Kurgan"]
[Site "Kurgan"]
[Date "1994.??.??"]
[Round "5"]
[White "Balashov, Yuri S"]
[Black "Avrukh, Boris"]
[Result "1-0"]
[WhiteElo "2510"]
[BlackElo "2425"]
[Annotator "Hecht,H"]
[PlyCount "93"]
[EventDate "1994.??.??"]
[EventType "tourn"]
[EventRounds "11"]
[EventCountry "RUS"]
[EventCategory "8"]
[SourceTitle "CBM 043"]
[Source "ChessBase"]
[SourceDate "1994.12.01"]
[SourceVersion "1"]
[SourceVersionDate "1994.12.01"]
[SourceQuality "1"]

1. c4 Nf6 2. Nc3 g6 3. e4 d6 4. d4 Bg7 5. f3 O-O 6. Nge2 c5 7. d5 e6 8. Ng3
exd5 9. cxd5 a6 10. a4 h5 11. Be2 h4 12. Nf1 Nh7 13. Ne3 f5 14. Nc4 Bd4 15. Bd2
Ng5 16. Qc1 Nf7 17. Be3 Nd7 18. Qd2 Bxc3 19. bxc3 fxe4 20. fxe4 Nf6 21. Bd3 Qe7
22. O-O Ng4 23. e5 Nfxe5 24. Rxf8+ Qxf8 25. Rf1 Bf5 26. Nxe5 Nxe5 27. Bh6 Qf7
28. Bxf5 gxf5 29. Qg5+ Qg6 30. Qxh4 Re8 31. a5 Nf7 32. Bf4 Re2 33. Bg3 Re4 34.
Qh3 Rg4 35. Bf4 Ng5 36. Bxg5 Qxg5 37. Qf3 Qg7 38. Qxf5 Rxg2+ 39. Kh1 Rg6 (39...
c4 40. Qe6+ Kh7 41. Qh3+ $18) 40. Qxg6 Qxg6 41. Rg1 Kf7 42. Rxg6 Kxg6 43. c4
Kf5 44. Kg2 Kg4 45. h3+ Kf4 46. Kf2 Ke4 47. Kg3 (47. Kg3 Kd4 48. h4 Kxc4 (48...
Ke5 49. h5 Kf5 50. Kh4 Kf6 51. Kg4 $18) 49. h5 Kd3 (49... Kb3 50. h6 c4 51. h7
c3 52. h8=Q c2 53. Qa1 $18) 50. h6 c4 51. h7 c3 52. h8=Q c2 53. Qh6 $18) 1-0

[Event "ARG-ch"]
[Site "Buenos Aires"]
[Date "1998.04.15"]
[Round "1"]
[White "Slipak, Sergio"]
[Black "Hoffman, Alejandro"]
[Result "1/2-1/2"]
[WhiteElo "2510"]
[BlackElo "2510"]
[Annotator "Hecht,H"]
[PlyCount "109"]
[EventDate "1998.04.15"]
[EventType "tourn"]
[EventRounds "15"]
[EventCountry "ARG"]
[EventCategory "9"]
[SourceTitle "CBM 065"]
[Source "ChessBase"]
[SourceDate "1998.08.06"]
[SourceVersion "1"]
[SourceVersionDate "1998.08.06"]
[SourceQuality "1"]

1. d4 Nf6 2. c4 c5 3. d5 d6 4. Nc3 g6 5. e4 Bg7 6. f3 O-O 7. Bg5 e6 8. Qd2 exd5
9. cxd5 h6 10. Be3 Nbd7 11. Nh3 Ne8 12. Nf2 Kh7 13. f4 a6 14. a4 Rb8 15. Be2
Nc7 16. a5 b5 17. axb6 Nxb6 18. O-O f5 19. Rad1 fxe4 20. Nfxe4 Re8 21. Ng3
Nbxd5 22. Nxd5 Nxd5 23. Qxd5 Rxe3 24. Qxc5 dxc5 25. Rxd8 Bf6 26. Rd6 Bd4 27.
Kh1 Rxb2 28. Bxa6 Be6 29. Bd3 Rxd3 30. Rxe6 Rdd2 31. f5 g5 32. f6 Rf2 33. Rxf2
Rxf2 34. h4 Rxf6 35. Rxf6 Bxf6 {[#] Good bishop--a mobile, but endangered
knight. Black walls his bishop up behind his extra pawn and allows White a
reliable saving formation which draws. [#] Guter Läufer - beweglicher, aber
gefährdeter Springer Schwarz mauert sich bei einem Mehrnbauern seinen Läufer
selbst ein und ermöglicht Weiß eine zuverlässige Auffangstellung zum Remis.}
36. Ne4 Be7 37. hxg5 hxg5 38. g4 Kg6 39. Kg2 Kf7 40. Kf3 Ke6 41. Nc3 Ke5 42.
Ke3 c4 43. Nb5 Bb4 44. Nc7 Ba3 $6 (44... Bc5+ 45. Kd2 (45. Kf3 c3 46. Ke2 Ke4
47. Ne6 Be7 48. Nc7 Bf6 49. Ne6 Kd5 $19 {[%cal Yd5c4,Yc4b3,Yc3c2]}) 45... Bd4
46. Kc2 Ke4 47. Kd2 Bf6 {[%cal Re4f3]} 48. Ne6 Kd5 (48... Kf3 49. Nxg5+ Bxg5+
50. Kc3 $11) 49. Nc7+ (49. Nf8 Kd6 50. Kc2 Be7 51. Ng6 Ke6 52. Kc3 Bf6+ 53.
Kxc4 Kf7 54. Nh4 gxh4 $19) 49... Kc6 50. Ne6 (50. Ne8 Be5 $19) (50. Na6 Bd4 51.
Nb4+ Kd6 $17 {Whether a win can be squeezed out of every variation remains to
be proven. Nevertheless, the bishop out in the open together with the king can
achieve a great deal. With the passive bishop on b2, there's nothing at all.
Ob sich ein gewinn in allen Varianten herausquetschen, läßt ist noch zu
beweisen. Mit dem Läufer an der frischen Luft läßt sich zusammen mit dem König
jedoch eine ganze Menge erreichen. Mit dem passiven Lb2 indes gar nichts.})
50... Kd6 51. Nf8 Be7 $19) 45. Kd2 Bb2 46. Kc2 c3 $2 47. Ne8 Kf4 48. Nf6 Kf3
49. Kb3 Ba1 50. Kc2 Kf4 51. Kc1 Kg3 52. Kc2 Kf3 53. Kc1 Bb2+ 54. Kc2 Kg3 55.
Kb3 1/2-1/2

[Event "RUS-ch 56th"]
[Site "Krasnoyarsk"]
[Date "2003.09.04"]
[Round "2"]
[White "Dreev, Alexey"]
[Black "Glek, Igor Vladimirovich"]
[Result "1-0"]
[WhiteElo "2698"]
[BlackElo "2566"]
[Annotator "Hecht,H"]
[PlyCount "86"]
[EventDate "2003.09.03"]
[EventType "swiss"]
[EventRounds "9"]
[EventCountry "RUS"]
[SourceTitle "CBM 098"]
[Source "ChessBase"]
[SourceDate "2004.02.03"]
[SourceVersion "1"]
[SourceVersionDate "2004.02.03"]
[SourceQuality "1"]

1. d4 Nf6 2. c4 g6 3. Nc3 Bg7 4. e4 d6 5. f3 O-O 6. Nge2 c5 7. d5 e6 8. Ng3
exd5 9. cxd5 a6 10. a4 Ne8 11. Be3 f5 12. Qd2 Nd7 13. Be2 fxe4 14. Ngxe4 Ndf6
15. Ng3 Rb8 16. O-O Nc7 17. Rab1 b5 18. axb5 axb5 19. b4 c4 20. f4 Bf5 21. Nxf5
gxf5 22. Bf3 Re8 23. Bd4 Qd7 24. h3 Re7 25. Ra1 Ree8 26. Ra7 Qf7 27. Re1 Rxe1+
28. Qxe1 Re8 29. Qg3 Re7 30. Qg5 Qg6 31. Kf1 Qxg5 32. fxg5 Ne4 33. Bxg7 Kxg7
34. Nxb5 Nxd5 35. Rxe7+ Nxe7 36. Bxe4 fxe4 37. Nxd6 c3 {[#] Springerwege} 38.
Ke2 Nd5 (38... Nc6 39. Nxe4 c2 40. Kd2 Nxb4 41. g4 Nd3 42. Kxc2 Nf4 43. h4 (43.
Nf2 Kg6 44. h4 Ng2 $11) 43... Ng2 44. h5 Ne3+ 45. Kd3 Nxg4 $11) 39. b5 Kg6 40.
Nxe4 Kf5 41. Nf6 Nf4+ {Der ab dem Feld e7 ineffektive Springerweg in der
Partie gegenüber den verschlungenen für den Springer so typischen Pfaden in
der Variante spricht Bände!} 42. Kd1 Ke5 43. b6 Kd4 {denn es gewinnt locker
sowohl g3 wie auch Sd7} 1-0

[Event "ENG-CHN"]
[Site "London"]
[Date "1997.??.??"]
[Round "4"]
[White "Ward, Christopher"]
[Black "Peng, Xiaomin"]
[Result "1-0"]
[WhiteElo "2490"]
[BlackElo "2500"]
[Annotator "Hecht,H"]
[PlyCount "89"]
[EventDate "1997.04.??"]
[EventType "schev"]
[EventRounds "3"]
[EventCountry "ENG"]
[SourceTitle "CBM 059"]
[Source "ChessBase"]
[SourceDate "1997.08.01"]
[SourceVersion "1"]
[SourceVersionDate "1997.08.01"]
[SourceQuality "1"]

1. d4 Nf6 2. c4 g6 3. Nc3 Bg7 4. e4 d6 5. f3 O-O 6. Nge2 c5 7. d5 e6 8. Ng3
exd5 9. cxd5 a6 10. a4 h5 11. Be2 Nbd7 12. O-O Nh7 13. Be3 Re8 14. Qd2 f5 15.
Rad1 h4 16. Nh1 Ne5 17. Nf2 Bd7 18. exf5 Bxf5 19. g4 hxg3 20. hxg3 Nf6 21. Kg2
Bd7 22. Bh6 Nf7 23. Bxg7 Kxg7 24. Rh1 Qe7 25. a5 Rh8 26. Nce4 Nxe4 27. Nxe4 Qe5
28. Qc3 Rae8 29. Rxh8 Kxh8 30. Bd3 Bf5 31. g4 Bxe4 32. Bxe4 Kg7 33. Qxe5+ Nxe5
{Aus einer teilblockierten Stellung wird alsbald ein Freibauernrennen nit dem
Läufer als der besseren Leichtfigur. Taktik: S-Einkreisung} 34. Kg3 Nc4 35. g5
{[%csl Rg6]} Rh8 36. Re1 Nxa5 37. Bc2 Nc4 38. Re6 Rf8 39. Rxg6+ Kf7 40. Re6
Nxb2 41. Rxd6 b5 42. Rxa6 b4 43. Ra7+ Kg8 44. d6 {[#]} Rd8 (44... c4 45. Bh7+
Kh8 46. g6 Rd8 47. Kg4 Rxd6 (47... Nd1 48. Kg5 Ne3 49. Re7 Nd5 50. Kh6 $18) 48.
Kg5 Rd1 49. Ra8+ Kg7 50. Rg8#) 45. Ra2 {Die versteckte Nebendrohung gewinnt
den Springer.} 1-0

[Event "CRO-Cup"]
[Site "Pula"]
[Date "1997.??.??"]
[Round "?"]
[White "Pinter, Jozsef"]
[Black "Fercec, Nenad"]
[Result "0-1"]
[WhiteElo "2575"]
[BlackElo "2430"]
[Annotator "Horvath,Ta"]
[PlyCount "62"]
[EventDate "1997.??.??"]
[EventType "team"]
[EventRounds "5"]
[EventCountry "CRO"]
[SourceTitle "CBM 059"]
[Source "ChessBase"]
[SourceDate "1997.08.01"]
[SourceVersion "1"]
[SourceVersionDate "1997.08.01"]
[SourceQuality "1"]

1. d4 Nf6 2. c4 g6 3. Nc3 Bg7 4. e4 d6 5. Bd3 O-O 6. Nge2 c5 7. d5 e6 8. h3
exd5 9. cxd5 Re8 10. O-O Nbd7 11. Ng3 a6 12. a4 Rb8 13. Be3 (13. a5 h5 14. Bg5
b5 15. axb6 Qxb6 16. Ra2 $13 {Pinter-Kasparov/FRA-ch./1993}) 13... h5 14. a5 b5
15. axb6 Rxb6 16. Ra2 Ne5 17. Bc2 $2 (17. Be2 $142 {Pinter,das Feld "c4" Weiß
muß kontrolieren.}) 17... Rb4 18. Re1 Nh7 19. Ba4 Rf8 20. Qe2 Qh4 21. Nf1 f5
22. f4 Nc4 23. Bc1 Bd4+ 24. Kh2 fxe4 25. Ng3 Bxh3 $1 26. gxh3 Ng5 $1 27. Qf1
Bf2 $1 (27... Nf3+ 28. Kg2 Nxe1+ 29. Qxe1 Rxf4 $1 30. Bxf4 (30. Ngxe4 Rxe4 $1
31. Qxh4 (31. Qxe4 Qf2+ 32. Kh1 Qg1#) 31... Rxh4 32. Bg5 Ne3+ 33. Kh2 Be5+ $19)
30... Qxf4 31. Ngxe4 Ne3+ 32. Kh1 Qf3+ $19 {Gewinnt auch,aber die
Partiefortsetzung ist schneller und auch schöner.}) 28. Ncxe4 Bxe1 29. Qg2 Nxe4
30. Nxe4 Ne5 31. Bc2 Rxf4 $1 0-1

[Event "Pyramiden Franken Cup 4th"]
[Site "Fuerth"]
[Date "2001.08.21"]
[Round "4"]
[White "Bischoff, Klaus"]
[Black "Joachim, Sven"]
[Result "1/2-1/2"]
[WhiteElo "2541"]
[BlackElo "2443"]
[Annotator "Joachim,S"]
[PlyCount "39"]
[EventDate "2001.08.18"]
[EventType "swiss"]
[EventRounds "9"]
[EventCountry "GER"]
[SourceTitle "EXT 2010"]
[Source "ChessBase"]
[SourceDate "2010.11.25"]
[SourceVersion "1"]
[SourceVersionDate "2010.11.25"]
[SourceQuality "1"]

1. c4 g6 2. d4 Bg7 3. e4 d6 4. Nc3 Nf6 5. f3 O-O 6. Be3 c5 7. Nge2 Nc6 8. d5
Ne5 9. Ng3 e6 10. Be2 exd5 11. cxd5 h5 12. O-O Nh7 13. Qd2 h4 14. Nh1 g5 {
Sichert die Stellung des Se5.} 15. Nf2 Bd7 16. a4 (16. Kh1 Qf6 17. f4 gxf4 18.
Bxf4) 16... Qf6 17. Ra3 Qg6 18. h3 {Stoppt schwarze Aktivitaeten am
Koenigsfluegel, nimmt sich aber auch selbst Hebel.} f5 (18... Kh8 {Beide
Seiten haben Schwierigkeiten, einen guten Plan zu finden.}) 19. exf5 Bxf5 20.
a5 (20. Nce4 g4 21. hxg4 Bxe4 22. Nxe4 Nxg4 23. Bf4) (20. a5 Rae8 (20... Rf7
21. Ra4 Bd7 22. Rg4 {Bischoff} Bxg4 (22... Nxg4 23. hxg4 {mit der Idee Ld3})
23. hxg4 {mit der Idee Sce4}) 21. Nb5 (21. Ra4 Bd7 22. Ra3 Bf5) 21... a6 22.
Nc7 Re7 23. Ne6 Bxe6 24. dxe6 Rxe6 (24... Qxe6 25. Rd1) 25. b4 {Bischoff})
1/2-1/2

[Event "Olympiad-36"]
[Site "Mallorca"]
[Date "2004.10.25"]
[Round "10"]
[White "Zhao, Zong Yuan"]
[Black "Marin, Mihail"]
[Result "1-0"]
[WhiteElo "2410"]
[BlackElo "2511"]
[Annotator "Kapengut"]
[PlyCount "83"]
[EventDate "2004.10.15"]
[EventType "team-swiss"]
[EventRounds "14"]
[EventCountry "ESP"]
[SourceTitle "CBM 104"]
[Source "ChessBase"]
[SourceDate "2005.01.27"]
[SourceVersion "1"]
[SourceVersionDate "2005.01.27"]
[SourceQuality "1"]
[WhiteTeam "Australia"]
[BlackTeam "Romania"]
[WhiteTeamCountry "AUS"]
[BlackTeamCountry "ROU"]

1. d4 g6 2. c4 Bg7 3. e4 c5 4. d5 d6 5. Nc3 Nf6 6. f3 O-O 7. Bg5 e6 8. Qd2 h6
9. Be3 exd5 10. cxd5 Re8 11. Bb5 $6 {The purpose of this little-used move
consists in the desire to save time for maneuvers of the Knight releasing a
traditional for this system way for the Bishop .} Bd7 (11... Nbd7) 12. Bd3 (12.
Bc4 b5 $5 13. Bxb5 Nxe4 $5 {[%csl Rb5]} 14. Nxe4 (14. fxe4 $140 $2 Bxc3 $17)
14... Bxb5 15. O-O-O Nd7 16. Bxh6 Bh8 17. Bg5 (17. Nxd6 $1) 17... Qb6 18. Qf4
Rxe4 $1 19. fxe4 Rb8 20. Rd2 Qa5 21. Kd1 Qxa2 $19 {Kunz,K-Minasian,A/Berliner
Sommer 1996}) (12. Bxd7 Nbxd7 13. Bxh6 $6 Nxe4 $1 14. fxe4 (14. Nxe4 Qh4+ 15.
g3 Qxh6 16. Qxh6 Bxh6 17. Ne2 $15) 14... Qh4+ 15. g3 Qxh6 16. Qxh6 Bxh6 17. Nh3
Bg7 18. Nf2 Bxc3+ 19. bxc3 Nf6 20. O-O Nxe4 21. Nxe4 Rxe4 $17 {Gregg
Guffrey-Brooks,I/corr 1988}) (12. a4 Na6 (12... h5 13. Nge2 Na6 (13... a6 14.
Bd3 Bc8 15. O-O Nbd7 16. Bh6 Bh8 17. h3 Rb8 18. Bg5 Qb6 19. Kh1 Nh7 20. Be3 Qd8
(20... Ne5 $5) 21. f4 Qe7 22. Rae1 Nhf6 23. Bf2 b5 24. axb5 axb5 25. Bxb5 Rxb5
26. Nxb5 Nxe4 27. Qe3 Nb6 28. Ng3 f5 29. Nxe4 fxe4 30. Nc3 Ba6 $44 {
Borchgrevink,H-Helbig,M/Hoevelte DEN 2003}) 14. O-O Nc7 15. Ra3 a6 16. Bxd7
Nxd7 17. Bg5 Bf6 18. Bxf6 Qxf6 19. Rb3 Rab8 20. f4 c4 21. Rb4 b5 22. axb5 axb5
23. Nd4 Nc5 24. Nc6 (24. e5 $5) 24... Nd3 25. e5 Qf5 26. exd6 Nxd5 27. Rxb5
Rxb5 28. Nxb5 N5xf4 $132 {Wohlmann,E-Mahdy,K/Austria 1992}) 13. Nge2 Nb4 14.
O-O h5 (14... Kh7 $6 15. Bc4 b6 16. Bf4 Qb8 17. Nc1 Nh5 18. Be3 f5 19. Bf2 Be5
20. exf5 Bxf5 21. Nd3 Nxd3 22. Bxd3 Bxd3 23. Qxd3 Qb7 $132 {Masek,M-Dvorak,J/
CZE 2001}) 15. Bf4 Qe7 16. Rfe1 a6 17. Bc4 Nh7 18. Be3 b6 19. Ng3 Qf8 20. Nh1
f5 21. Nf2 Kh8 (21... Qf6 $5) 22. exf5 gxf5 23. Bf4 Qf6 24. Bf1 Nf8 25. Rad1
Ng6 26. Bg5 Qf7 27. f4 $132 {Michenka,J-Belov,I/Ostrava 1992}) 12... Na6 (12...
h5 $5 13. a4 Na6) 13. Nge2 Kh7 $6 (13... Nb4 14. Bc4 b5 $1 15. Nxb5 Bxb5 $1 (
15... Nfxd5 $5 16. Bxd5 (16. Bxh6 Qh4+ 17. g3 Qxh6 18. exd5 Bxb5 19. Bxb5 Re3
$36) 16... Nxd5 17. Nxd6 Nxe3 18. Qxe3 Re6 19. Nc4 Bb5 $44) 16. Bxb5 Nfxd5 $1
17. Bf2 (17. Bg1 $6 Qa5 $1) 17... Qa5 18. Bxe8 Nd3+ $19 {Loeffler,
S-Gruenenwald,J/BL 1987}) 14. O-O Nb4 15. Bc4 Qb8 (15... Qe7 16. a3 Na6 17.
Bxa6 $5 bxa6 18. b4 Rab8 $140 19. Rfc1 Rec8 20. bxc5 dxc5 21. e5 $16) 16. a3
Na6 17. Ng3 b5 18. Bd3 c4 (18... Nc7 $5 19. Kh1 (19. b4 $140 $2 Nfxd5 $1) 19...
a5 20. a4 (20. Bf4 {[%csl Rd6]} c4 21. Be2 Na6 22. a4 Nc5 $132) 20... bxa4 $5
21. Bf4 Qb6 22. Rfb1 Na6 23. Nxa4 Qd8 24. Ra3 Nb4 25. Bc4 Bxa4 26. Rxa4 Nd7
$132) 19. Bc2 b4 20. axb4 Nxb4 21. Bb1 a5 22. Bd4 Qc7 (22... Rc8 23. Nd1 Ne8
24. Ne3 Bxd4 25. Qxd4 Qa7 26. Qxa7 Rxa7 27. Rc1 $14) 23. f4 Ng4 24. Bxg7 Kxg7
25. Qd4+ Nf6 26. Kh1 h5 27. h3 Qa7 28. Qd2 h4 29. Nge2 Nh5 (29... Qa6 $6 30.
Qd4 Nd3 31. Bxd3 cxd3 32. Ng1 Rac8 33. e5 $1 $18) 30. Ra3 Qb6 $6 (30... f5 $5
31. Qe1 $5 (31. Kh2 Rab8 (31... Qb6 32. Qe1 Qd8 $132) 32. Qe1 Nd3 33. Qxh4 Rxb2
34. Qg5 Qe3 $13) 31... Nd3 32. Qxh4 fxe4 33. f5 Bxf5 34. Rxf5 $1 (34. g4 $140
$6 Bxg4 $1 35. Qxg4 Rf8 $1 36. Rxf8 Rxf8 37. Qg1 Qe7 $40) 34... gxf5 35. Nb5 (
35. Qg5+ Kh8 36. Qxh5+ Qh7 37. Qg5 Rg8 38. Qf6+ Qg7 39. Qh4+ $11) (35. Qxh5
Nf2+ 36. Kh2 Ng4+ 37. Kh1 $11) 35... Qe3 36. Qxh5 Rh8 37. Qxf5 Qxe2 38. Qg5+
Kh7 39. Nxd6 Rag8 $11) 31. f5 $1 Qd8 (31... Rab8 32. Kh2 Re5 33. Ng1 Ng3 34.
Re1 Rh8 35. Nf3 Ree8 $14) (31... Rac8 32. f6+ $5 Nxf6 33. Qf4 Qd8 34. Qxd6 $14)
32. Nd1 Re5 (32... gxf5 33. Raf3 $5 (33. exf5 Re5 (33... Qf6 34. Nf4 Nxf4 35.
Rxf4 Re5 36. Ne3 $1 $16) 34. g4 Nf6 (34... hxg3 $140 $2 35. f6+ Nxf6 36. Rxg3+
Ng4 37. Ne3 $1 $18) 35. Qg5+ Kh8 36. Qxh4+ Nh7 37. f6 $16) 33... Nd3 (33... Qe7
34. Ne3 fxe4 35. Rf5 $1 $16) 34. exf5 Qf6 (34... Bb5 $140 $2 35. f6+ $18) 35.
Bxd3 cxd3 36. Nf4 $16) 33. Ne3 Qg5 34. Qd4 Nf6 35. Nxc4 Bb5 36. fxg6 $1 $18
Bxc4 37. Qxc4 Rf8 (37... Qxg6 38. Qc7 $18) (37... fxg6 38. Raf3 Nh5 39. Qc7+
Re7 40. Rf7+ $18) 38. Raf3 fxg6 39. Nd4 Qd2 40. Ne6+ Rxe6 41. dxe6 Qxb2 42. e7
1-0

[Event "Olympiad-36"]
[Site "Mallorca"]
[Date "2004.10.25"]
[Round "10"]
[White "Dreev, Alexey"]
[Black "Nataf, Igor Alexandre"]
[Result "1/2-1/2"]
[WhiteElo "2698"]
[BlackElo "2565"]
[Annotator "Kapengut"]
[PlyCount "134"]
[EventDate "2004.10.15"]
[EventType "team-swiss"]
[EventRounds "14"]
[EventCountry "ESP"]
[SourceTitle "CBM 104"]
[Source "ChessBase"]
[SourceDate "2005.01.27"]
[SourceVersion "1"]
[SourceVersionDate "2005.01.27"]
[SourceQuality "1"]
[WhiteTeam "Russia"]
[BlackTeam "France"]
[WhiteTeamCountry "RUS"]
[BlackTeamCountry "FRA"]

1. d4 Nf6 2. c4 g6 3. Nc3 Bg7 4. e4 d6 5. f3 O-O 6. Nge2 c5 7. d5 e6 8. Ng3
exd5 9. cxd5 h5 {Now we basically consider the treatment of the variation by
the well-known Russian Grandmaster Alexey Dreev, who made a big contribution
to the variation's development. According to his style, White should not hurry
to define the location of his black square's bishop and has to move the king's
knight to the square "g3" first, provoking the aggressive march of the "h"
pawn h7-h5-h4 early by this manouevre. At the same time, White refrains from
the time-saving manouevre Ng1-h3-f2 because the opponent can prevent it. Most
often, the critical positions of the variation appear with the inclusion of
the moves 6.Bg5 h6 7.Be3. (In the frames of this game, all of the move orders
are leveled by the reaching of the final critical position of the variation).
On his own turn, Black tries to provide the plan with f7-f5 as early as
possible and do not waste tempi for generally useful moves like Re8 or Nbd7.
The most definitive element of Dreev's plan is the one where White do not
hurry to make the standard move Qd2, keeping the square "d2" free for the
eventual Knight's manouevre Nf3-d2-c4. As it was proved by the theory and
practice of the Modern Benoni, the Knight's position on c4 is the most
effective position for the upcoming play. The Queen at the starting position
is also useful for the plan, with the breakthrough f3-f4 and e4-e5 because it
controls the "g4" square.} 10. Be2 a6 11. a4 {Very often in Dreev's games,
Black prefers the immediate 11...h4, trying to use the position of the Nf1 as
I described in the previous annotation.} Nh7 12. Be3 Nd7 13. O-O h4 14. Nh1 f5
15. Qd2 {This position I analyzed in details in my article "On the Crossroads
of the Modern Theory Ways [A65]" in CBM 101.} Qf6 16. exf5 gxf5 17. Nf2 Ne5 18.
Nh3 (18. f4 Ng4 (18... Nf7 $5 19. Nfd1 $132 (19. Kh1 {/\ Rg1, g4->}) 19... Bd7
20. Rb1 Rac8 $13) 19. Nxg4 fxg4 {/\ Bf5=/+ Kuzmin,A} 20. f5 $1 Bxf5 (20... g3
$6 21. Bd3 $1 $36) 21. Bxg4 Qg6 22. Bxf5 Rxf5 23. Rxf5 Qxf5 24. Rf1 Qg6 {
Kuzmin,A-Shirov,A/USSR (ch) 1991} 25. h3 Nf6 (25... Re8 26. Bf4 Bd4+ 27. Kh1
Rf8 $6 28. Qe1 $1 $16) 26. Bg5 Ne4 27. Nxe4 Qxe4 28. Bf6 Rf8 29. Bxg7 Rxf1+ 30.
Kxf1 Kxg7 31. Qg5+ $11) 18... Ng6 19. f4 Re8 $6 $146 {I guess, it is better to
place on this square the Ra8, leaving Rf8 for the protection of the pawn f5.} (
19... Bd7 20. a5 (20. Bf2 Rfe8 21. a5 Re7 22. Kh1 (22. Ra3 $5 Rae8 23. Rb1 {
/\b4 +/=}) 22... Bh6 23. Rab1 Rc8 24. Rg1 Nhf8 25. g3 Rg7 26. Bf3 $14 {
Razuvaev,Y-Bucher,D/Bern 1998}) 20... Rfb8 (20... Rfe8 21. Bf2 Re7 {see above
Razuvaev,Y-Bucher,D} 22. Ra3 $5) 21. Ra2 $6 (21. Rfb1 b5 22. axb6 Rxb6 23. Bc4
a5 24. Ng5 {[%cal Gg5e6]} Nxg5 25. fxg5 Qe5 $132) 21... Re8 (21... b5 22. axb6
Rxb6 23. Rfa1 Bc8 24. Bc4 Bb7 25. Bf2 Rb8 $14) 22. Bf2 (22. Bh5 $6 Re7 23. Bf2
Nhf8 24. Raa1 Bh6 25. Bf3 Rae8 26. Rfe1 Qg7 {/\Ne5} 27. Rxe7 Rxe7 28. Re1 Rxe1+
(28... Ne5 $5 29. Be2 Nfg6 30. Kh1 Ng4 31. Bg1 Qf8 32. Rf1 Qd8 33. Qc2 Ne3 34.
Bxe3 Rxe3 $11) 29. Bxe1 Qd4+ 30. Qxd4 cxd4 31. Ne2 d3 32. Nc1 Bb5 33. g3 hxg3
34. hxg3 Bg7 $1 (34... Ne5 35. Bg2 Nfd7 36. Nf2 Nc5 37. b4 Na4 38. Nb3 Nc4 $44)
35. Nf2 Bxb2 36. Ncxd3 Bd4 $11 {Vooremaa,A-Sepp,O/Finland FIN 2002}) 22... Re7
(22... Rab8 23. Rb1 $14) (22... Rac8 {/\c4} 23. Bc4 $14) 23. Rb1 Be8 $5 24. Ra3
Rc8 25. Bc4 Bf7 26. b4 cxb4 27. Rxb4 Rec7 28. Qd3 $14) 20. Bh5 Bd7 21. a5 Re7
22. Bf2 Rae8 $6 (22... Rb8 {[%cal Gb7b5]} 23. Rae1 Rxe1 24. Rxe1 b5 25. axb6
Rxb6 26. Bxg6 Qxg6 27. Bxh4 Nf6 28. Bxf6 (28. Re7 $140 Ne4 29. Nxe4 Rxb2 30.
Rxd7 Bd4+ 31. Kf1 fxe4 $13) 28... Qxf6 29. Kh1 Qh4 {[%cal Gb6b2]} 30. Ra1 Qe7
$44 {/+/=}) 23. Ra3 {[%csl Re8][%cal Gh5e8,Ga3g3,Ga3b3]} (23. Bxg6 $140 $6 Qxg6
24. Bxh4 $2 Bxc3 $19) 23... Nhf8 24. Rb3 Bc8 25. Na4 Bd7 {[#]} 26. Nxc5 $1 $16
{[%csl Rf6]} Bb5 (26... dxc5 $140 27. Rb6 $1 $18) 27. Nd3 Re4 28. Rc1 R8e7 29.
Rc8 Bh6 30. Qc3 (30. Bf3 Bxd3 (30... Ra4 31. Rb4 Rxa5 32. Nc1 Ra1 33. Be3 Qg7
34. Bd1 $16) 31. Qxd3 Nxf4 32. Nxf4 Rxf4 {/\Ra4-a1} 33. Rb8 Ra4 34. Be2 h3 35.
Qd1 Bg7 36. R8xb7 Rxb7 37. Rxb7 Rxa5 $14) 30... Qxc3 31. Rbxc3 Bxd3 32. Rxd3
Nxf4 33. Nxf4 Bxf4 34. Rf3 (34. Bg6 R7e5 35. g3 hxg3 36. hxg3 Bh6 37. Rf3 Rxd5
38. Bxf5 $16) 34... Ra4 35. g4 (35. g3 $5 h3 36. Bb6 Re2 37. Rf1 Rg2+ 38. Kh1
Bh6 39. Bg6 f4 40. Bf5 Rxb2 41. gxf4 Bxf4 42. Bc2 $16) 35... h3 36. Rxh3 fxg4 (
36... Rg7 37. Rhc3 Be5 (37... fxg4 38. R3c4 Rxc4 39. Rxc4 Rh7 40. Rxf4 Rxh5 41.
Rxg4+ Kf7 42. Rd4 $16) 38. Rf3 f4 39. Bb6 Bxb2 $16) 37. Rh4 Rg7 38. Rxg4 Rxg4+
39. Bxg4 Bxh2+ (39... Rxa5 40. Bd4 Ra4 41. Be6+ Kh7 42. Bf6 Be3+ 43. Kg2 Nxe6
44. dxe6 Rg4+ 45. Kf3 Rf4+ 46. Ke2 $16) 40. Kxh2 Rxg4 41. Bg3 Kf7 42. Rc7+ $6 (
42. Rb8 $1 Ke7 (42... Rb4 $140 $2 43. Rxf8+ $18) 43. Rxb7+ Nd7 44. Ra7 Rd4 45.
Rxa6 Rxd5 46. b4 Rd2+ 47. Kh3 $18) 42... Ke8 43. Bxd6 Nd7 44. Rc8+ (44. Rxb7
Rg5 45. Ra7 Rxd5 46. Ra8+ Kf7 47. Rxa6 Rd2+ 48. Kg3 Rxb2 $16) 44... Kf7 45. Rc7
Ke8 46. Rc8+ Kf7 47. Rd8 Nf6 48. Rf8+ Kg6 49. Rb8 Rh4+ 50. Kg2 Rh7 51. Kf3 Rd7
52. Bc5 Nxd5 $11 53. Ke4 Nf6+ 54. Ke3 Kf5 55. b4 Ng4+ 56. Kf3 Ne5+ 57. Ke3 Nc6
58. Rf8+ Ke5 59. Rh8 Kd5 60. Kd3 Nxa5 61. Rh5+ Kc6+ 62. Kc3 Rd5 63. Rh6+ Kb5
64. Rb6+ Ka4 65. Bf8 Rf5 66. bxa5 Kxa5 67. Rxb7 Rxf8 1/2-1/2